Normal view
MARC view
Entry Personal Name
001 - CONTROL NUMBER
- control field: 1041214
003 - CONTROL NUMBER IDENTIFIER
- control field: OSt
005 - DATE AND TIME OF LATEST TRANSACTION
- control field: 20260121161159.0
008 - FIXED-LENGTH DATA ELEMENTS
- fixed length control field: 260121|| aca||aabn | a|a d
040 ## - CATALOGING SOURCE
- Original cataloging agency: OSt
- Transcribing agency: OSt
100 ## - HEADING--PERSONAL NAME
- Personal name: Gastón Souroujon; Gisela Pereyra Doval
670 ## - SOURCE DATA FOUND
- Source citation: Work cat.: (OSt)1608030: Gastón Souroujon; Gisela Pereyra Doval, Argentina’s Right-Wing Universe During the Democratic Period (1983–2023):Processes, Actors and Issues
